Name That Movie III Quiz Stats

 Plays Quiz Updated Nov 5, 2018

Score 0/40 Timer 07:00
1 Play Today
Characters Movie % Correct
Charlie Bucket, Grandpa Joe, Veruca SaltCharlie and the Chocolate Factory
72.4%
Seth, Evan, Fogell (McLovin)Superbad
71.2%
Agent K (Kay), Agent J (Jay), Chief ZedMen in Black
70.6%
William Wallace, Princess Isabelle, CampbellBraveheart
59.1%
Westley, Inigo Montoya, VizziniThe Princess Bride
56.6%
Kevin McCallister, Harry, MarvHome Alone
52.4%
Dory, Marlin, GillFinding Nemo
52.1%
Frank Abagnale Jr., Carl Hanratty, Brenda StrongCatch Me If You Can
44.2%
Mitch Martin, Frank 'The Tank' Ricard, Bernard 'Beanie' CampbellOld School
40.2%
Dirk Diggler, Rollergirl, Jack HornerBoogie Nights
39.9%
Cameron Poe, Cyrus 'The Virus' Grissom, U.S. Marshal Vince LarkinCon Air
35.4%
Jake La Motta, Vickie Thailer, Salvy BattsRaging Bull
35.1%
Amsterdam Vallon, Bill 'The Butcher' Cutting, William 'Boss' TweedGangs of New York
33.6%
Dr. Alan Grant, Dr. Ian Malcolm, Dr. Ellie SattlerJurassic Park
33.5%
John Patrick Mason, Dr. Stanley Goodspeed, FBI Director James WomackThe Rock
25.9%
Randy 'The Ram' Robinson, Cassidy, Nick VolpeThe Wrestler
25.1%
Elliot, Gertie, MaryE.T.: The Extra-Terrestrial
22.4%
Detective John Kimble, Joyce Palmieri, Miss SchlowskiKindergarten Cop
21.9%
Ennis Del Mar, Jack Twist, AlmaBrokeback Mountain
20.9%
Charlie Croker, Stella Bridger, Handsome RobThe Italian Job
20.9%
Characters Movie % Correct
David Mills, William Somerset, John DoeSe7en
20%
Sam 'Ace' Rothstein, Ginger McKenna, Nicky SantoroCasino
18.2%
Natalie Cook, Dylan Sanders, John BosleyCharlie's Angels
14%
Harry S. Stamper, Dan Truman, A.J. FrostArmageddon
13.7%
Tony D'Amato, Christina Pagniacci, Willie BeamenAny Given Sunday
13.2%
Derek Vinyard, Danny Vinyard, Cameron AlexanderAmerican History X
13%
Jedediah Leland, Susan Alexander Kane, Mary KaneCitizen Kane
12.6%
Sergeant Barnes, King, Big HaroldPlatoon
11.8%
Evelyn Couch, Idgie Threadgoode, Ruth JamisonFried Green Tomatoes
11.2%
Officer Jack Traven, Howard Payne, Annie PorterSpeed
9.4%
Andrew Beckett, Joe Miller, Judge TatePhiladelphia
8.9%
Col. Robert Gould Shaw, Pvt. Trip, Sgt. Maj. John RawlinsGlory
8.5%
Mookie, Pino, 'Sal' FragioneDo The Right Thing
6.4%
Homer Wells, Candy Kendall, Dr. Wilbur LarchThe Cider House Rules
6.1%
Archie Gates, Troy Barlow, Chief ElginThree Kings
3.1%
Count Laszlo de Almásy, Katharine Clifton, HanaThe English Patient
3%
James Cole, Jeffrey Goines, Kathryn RaillyTwelve Monkeys
2.9%
George Malley, Lace Pennamin, Nate PopePhenomenon
2.4%
Jean Cabot, Officer John Ryan, Det. Graham WatersCrash
2.3%
Linda Partridge, Donnie Smith, Phil ParmaMagnolia
1.8%

You're not logged in!

Compare scores with friends on all Sporcle quizzes.
OR
Log In

Sporcle TV

Today on Sporcle TV


Watch our educational content, quiz creation guides, and fun videos on Sporcle TV.

Show Comments

Extras

Top Quizzes Today


Score Distribution

Your Account Isn't Verified!

In order to create a playlist on Sporcle, you need to verify the email address you used during registration. Go to your Sporcle Settings to finish the process.

Report this User

Report this user for behavior that violates our Community Guidelines.

Details: